Normal view MARC view
  • Nouman Ejaz

Entry Personal Name

Number of records used in: 1

001 - CONTROL NUMBER

  • control field: 101741

003 - CONTROL NUMBER IDENTIFIER

  • control field: NUST

005 - DATE AND TIME OF LATEST TRANSACTION

  • control field: 20221031092125.0

008 - FIXED-LENGTH DATA ELEMENTS

  • fixed length control field: 221031|| aca||aabn | a|a d

040 ## - CATALOGING SOURCE

  • Original cataloging agency: NUST
  • Transcribing agency: NUST

100 ## - HEADING--PERSONAL NAME

  • Personal name: Nouman Ejaz

670 ## - SOURCE DATA FOUND

  • Source citation: Work cat.: (NUST): Nouman Ejaz , TH-SOF-2085-Catalogue of Invisibility As a Non-Functional Requirement and Its Co-Relation With Other Non-Functional Requirements, 2022.
© 2023 Central Library, National University of Sciences and Technology. All Rights Reserved.